Origami Animals II Quiz Stats

 Plays Quiz Updated Mar 8, 2015

Also try: Origami Animals
Challenge
Share
Tweet
Score 0/15 Timer 02:00
16 Plays Today
No. Animal % Correct
Frog
99.3%
Orca
97.7%
Butterfly
97.2%
Dog
96.5%
Giraffe
96.1%
Cow
95.9%
Sheep
94.8%
Squirrel
94.6%
No. Animal % Correct
Snail
88%
Peacock
85.7%
Albatross
85.4%
Squid
84.5%
Crow
84.3%
Sea Lion
76.7%
Duck-Billed Platypus
69.7%

You're not logged in!

Compare scores with friends on all Sporcle quizzes.
OR
Log In

You Might Also Like...

Show Comments

Extras

Top Quizzes Today


Score Distribution

Your Account Isn't Verified!

In order to create a playlist on Sporcle, you need to verify the email address you used during registration. Go to your Sporcle Settings to finish the process.

Report this User

Report this user for behavior that violates our Community Guidelines.

Details: